| 000 | 00848nam a22002297a 4500 | ||
|---|---|---|---|
| 003 | OSt | ||
| 005 | 20230224131039.0 | ||
| 008 | 220916b |||||||| |||| 00| 0 eng d | ||
| 040 | _cBiblioteca Lado V | ||
| 082 |
_a802.22 _bV844c |
||
| 100 |
_9755 _aVitier, Cintio _eautor |
||
| 245 | _aCuaderno Así/ | ||
| 260 |
_aCuba _bEdiciones Vigía _bColección del San Juan _c2000 |
||
| 300 |
_a28p. _c17x22cm _bLIBRO INTERVENIDO ARTISTICAMENTE DESDE LA PORTADA |
||
| 650 |
_2Tesauro de Arte & Arquitectura _aLIBRO-ARTE |
||
| 650 |
_2Tesauro de Arte & Arquitectura _aCUENTO |
||
| 650 |
_2Tesauro de Arte & Arquitectura _aPOESIA |
||
| 650 |
_2Tesauro de Arte & Arquitectura _aILUSTRADO |
||
| 650 |
_2Tesauro de Arte & Arquitectura _aLITERATURA |
||
| 651 |
_2Tesauro de Arte & Arquitectura _aCUBA |
||
| 942 |
_2ddc _c1 _h802.22 _iV844c _n0 |
||
| 999 |
_c3071 _d3071 |
||